| 000 | 01532nam a2200253Ia 4500 | ||
|---|---|---|---|
| 003 | Ost | ||
| 005 | 20260507075235.0 | ||
| 008 | 260507s9999||||xx |||||||||||||| ||und|| | ||
| 020 | _a27541199579 | ||
| 040 | _cfsecg | ||
| 041 | _aara | ||
| 082 | _a330 | ||
| 100 |
_aعريقات، حربي محمد _eمؤلف |
||
| 245 | 0 |
_aالتأمين و إدارة الخطر : _bالنظرية و التطبيق / _c حربي محمد عريقات |
|
| 260 |
_aعمان: _bدار وائل, _c2008 |
||
| 300 |
_a488 صفحة؛ _bإيضاحات ؛ _c24 سم |
||
| 504 | _aمراجع ص.481 | ||
| 520 | _aالخطر مفهومه و أشكاله ، مفاهيم أساسية في التأمين ووظائفه ، الأركان و الميادئ القانونية لعقد التأمين ، أنواع التامينات العامة ، التأمين البحري ، تأمين السيارات ، إعادة التامين ، التأمين الاسلامي ، تحديد أقساط التأمين ، التسويق التأميني ، الضمان الاجتماعي ، التأمين الصحي ، التأمين على الحياة ، الشروط الأساسية في وثيقة التأمين على الحياة ، أنواع التامين على الحياة ، سوق التأمين في الأردن تطوره وهيكله. | ||
| 653 | _aالتأمين - البنوك | ||
| 653 | _aالمخاطر | ||
| 653 | _aمخاطر المهنة | ||
| 700 |
_aعقل، سعيد جمعة _eمؤلف ثانوي |
||
| 942 | _cكتاب | ||
| 999 |
_c43583 _d43583 |
||